Pensamiento y lenguaje: teoría del desarrollo cultural de las funciones psíquicas
Saved in:
| Hovedforfatter: | |
|---|---|
| Format: | Bog |
| Sprog: | spansk |
| Udgivet: |
Buenos Aires
Fausto
1993
|
| Fag: | |
| Tags: |
Tilføj Tag
Ingen Tags, Vær først til at tagge denne postø!
|
MARC
| LEADER | 00000nam a2200000 a 4500 | ||
|---|---|---|---|
| 001 | UCZ5487 | ||
| 003 | CL-VaPUC | ||
| 008 | 951123e19930000AG |||||||||||||||||spa|d | ||
| 082 | 0 | 4 | |a 153.42 |b VYG |2 21 |
| 100 | 0 | |a Vygotski, Lev Semiónovich |e author |9 312943 | |
| 245 | 1 | 0 | |a Pensamiento y lenguaje: teoría del desarrollo cultural de las funciones psíquicas |
| 300 | |a 219 p | ||
| 942 | |c BK | ||
| 945 | |d 19951123 00:00:00 |a rleighto | ||
| 260 | |a Buenos Aires |b Fausto |c 1993 | ||
| 650 | 0 | |a Lenguaje hablado |9 339599 | |
| 650 | 0 | |a Pensamiento |9 307612 | |
| 650 | 0 | |a Desarrollo del lenguaje |9 311270 | |
| 650 | 0 | |a Desarrollo mental |9 313003 | |
| 650 | 0 | |a Niños |9 334135 | |
| 650 | 0 | |a Comunicación |9 257251 | |
| 583 | |a last modification |c 19951123 00:00:00 |k Rodrigo Vera | ||
| 999 | |c 241795 |d 241793 | ||
| 952 | |0 0 |1 0 |4 0 |6 153_420000000000000_VYG_1993 |7 0 |8 A |9 254282 |a BIBEDU |b BIBEDU |d 2019-11-19 |i 3153835 |l 3 |m 2 |o 153.42 VYG 1993 |p 3153835 |r 2024-05-07 |s 2024-04-30 |w 2019-11-19 |y BK |k EDU | ||